[Event "CRO-chT2 West"]
[Site "Croatia"]
[Date "2017.04.09"]
[Round "6.2"]
[White "Ikica, Ante"]
[Black "Jokic, Miljenko"]
[Result "1/2-1/2"]
[WhiteElo "1905"]
[BlackElo "1862"]
[PlyCount "107"]
[EventDate "2017.03.25"]
[EventType "team-tourn"]
[EventRounds "9"]
[EventCountry "CRO"]
[SourceTitle "EXT 2020"]
[Source "ChessBase"]
[SourceDate "2019.10.17"]
[SourceVersion "1"]
[SourceVersionDate "2019.10.17"]
[SourceQuality "1"]

1. e4 e5 2. Nf3 Nc6 3. Bc4 Nf6 4. d3 Bc5 5. 0-0 h6 6. a4 d6 7. c3 a5 8. h3 Be6 9. Nbd2 0-0 10. Re1 Re8 11. Nf1 d5 12. Bb3 dxe4 13. dxe4 Qxd1 14. Bxd1 Rad8 15. Bc2 Nd7 16. b3 Nb6 17. Be3 Bxe3 18. Nxe3 f6 19. Kf1 Kf7 20. Ke2 g6 21. g4 Rh8 22. Rad1 Rxd1 23. Rxd1 h5 24. Rg1 hxg4 25. hxg4 Ne7 26. g5 Nd7 27. gxf6 Kxf6 28. Ng5 c6 29. b4 axb4 30. cxb4 b5 31. Nxe6 Kxe6 32. Bb3+ Kd6 33. Rd1+ Kc7 34. axb5 cxb5 35. Nd5+ Nxd5 36. Bxd5 Rb8 37. Rg1 Rb6 38. Ra1 Nb8 39. Rc1+ Kd6 40. Kf3 Ra6 41. Rc5 Rb6 42. Rc3 Na6 43. Rb3 Ke7 44. Kg4 Rf6 45. f3 Rd6 46. f4 exf4 47. Kxf4 Nc7 48. Ke5 g5 49. Rh3 Rg6 50. Rh7+ Kd8 51. Bf7 Rc6 52. Rg7 Na6 53. Bd5 Rh6 54. Rb7 1/2-1/2

[Event "CRO-chT2W"]
[Site "Croatia"]
[Date "2016.04.10"]
[Round "6.6"]
[White "Okanovic, Jasmina"]
[Black "Jokic, Miljenko"]
[Result "1/2-1/2"]
[WhiteElo "1795"]
[BlackElo "1862"]
[PlyCount "85"]
[EventDate "2016.03.05"]
[EventType "team-tourn"]
[EventRounds "9"]
[EventCountry "CRO"]
[SourceTitle "EXT 2017"]
[Source "ChessBase"]
[SourceDate "2016.10.25"]
[SourceVersion "1"]
[SourceVersionDate "2016.10.25"]
[SourceQuality "1"]
[WhiteTeam "Rijeka Kvarner"]
[BlackTeam "Karlobag"]
[WhiteTeamCountry "CRO"]
[BlackTeamCountry "CRO"]

1. d4 f5 2. Bf4 Nf6 3. e3 d6 4. Nf3 e6 5. Nbd2 Be7 6. Bc4 Nc6 7. a3 Ne4 8. h3 g5 9. Bh2 d5 10. Bb5 Bd7 11. Bxc6 Bxc6 12. Nxe4 fxe4 13. Ne5 0-0 14. Qg4 Bd7 15. h4 Rf5 16. hxg5 Rxg5 17. Qh3 Bf6 18. Bf4 Rg7 19. Bh6 Bxe5 20. dxe5 Rg6 21. 0-0-0 Qe7 22. Bf4 Rf8 23. g3 c5 24. Rh2 Rf7 25. Rdh1 b5 26. Qf1 a5 27. Rh6 Rxh6 28. Rxh6 c4 29. Qe2 b4 30. a4 Rg7 31. Rf6 Rg6 32. Rxg6+ hxg6 33. Qg4 Qh7 34. Kd2 Qh5 35. Qxh5 gxh5 36. b3 c3+ 37. Kd1 Kf7 38. Bg5 Ke8 39. Bf6 Bc8 40. Bh4 Ba6 41. Bf6 Kd7 42. Bh4 Bf1 43. Bf6 1/2-1/2

[Event "CRO-chT2W"]
[Site "Croatia"]
[Date "2016.03.05"]
[Round "1.6"]
[White "Samardzic, Nikola"]
[Black "Jokic, Miljenko"]
[Result "0-1"]
[WhiteElo "1768"]
[BlackElo "1862"]
[PlyCount "112"]
[EventDate "2016.03.05"]
[EventType "team-tourn"]
[EventRounds "9"]
[EventCountry "CRO"]
[SourceTitle "CBM 171 Extra"]
[Source "ChessBase"]
[SourceDate "2016.04.26"]
[SourceVersion "1"]
[SourceVersionDate "2016.04.26"]
[SourceQuality "1"]
[WhiteTeam "Rijeka Junior"]
[BlackTeam "Karlobag"]
[WhiteTeamCountry "CRO"]
[BlackTeamCountry "CRO"]

1. e4 e5 2. Qh5 Nc6 3. Bc4 Qf6 4. c3 Bc5 5. d4 g6 6. Qe2 exd4 7. Nf3 d6 8. Bg5 Qg7 9. h3 h6 10. Bh4 g5 11. Bg3 Be6 12. e5 d5 13. Bb5 dxc3 14. Nxc3 Nge7 15. Rc1 0-0 16. Bd3 Rad8 17. h4 g4 18. Nh2 Nd4 19. Qd2 Ng6 20. Na4 b6 21. b4 Bd7 22. bxc5 Nxe5 23. Nb2 Rde8 24. 0-0 Nxd3 25. Nxd3 Ne2+ 26. Kh1 Nxc1 27. Rxc1 c6 28. Bd6 Qd4 29. Qc3 Re4 30. Bxf8 Kxf8 31. Qxd4 Rxd4 32. cxb6 axb6 33. Ne5 Ke7 34. Nf1 c5 35. Ne3 h5 36. Rb1 Rd2 37. Rxb6 Be6 38. Rb7+ Ke8 39. a4 Rxf2 40. a5 Ra2 41. Nc6 d4 42. Nf1 Ra1 43. Kg1 Bc4 44. Rb8+ Kd7 45. Ne5+ Kc7 46. Nxc4 Kxb8 47. Kf2 f5 48. Ng3 Ra2+ 49. Kf1 Rc2 50. Ne5 c4 51. Nxf5 d3 52. Ne3 Rc1+ 53. Kf2 d2 54. Ke2 c3 55. Nc6+ Kc7 56. Nd4 Re1+ 0-1

[Event "Rijeka Liburnija op"]
[Site "Rijeka"]
[Date "2012.11.30"]
[Round "1"]
[White "Loncar, Robert"]
[Black "Jokic, Miljenko"]
[Result "1-0"]
[WhiteElo "2409"]
[BlackElo "1839"]
[PlyCount "73"]
[EventDate "2012.11.30"]
[EventType "swiss"]
[EventRounds "9"]
[EventCountry "CRO"]
[SourceTitle "CBM 151 Extra"]
[Source "ChessBase"]
[SourceDate "2012.12.18"]
[SourceVersion "1"]
[SourceVersionDate "2012.12.18"]
[SourceQuality "1"]

1. d4 Nf6 2. c4 d6 3. Nf3 c6 4. Nc3 Nbd7 5. Bf4 Qa5 6. Bd2 Qc7 7. e4 e5 8. d5 a5 9. h3 Be7 10. Bd3 Nc5 11. Bc2 0-0 12. 0-0 Bd7 13. a3 a4 14. Be3 cxd5 15. exd5 Rfc8 16. Nd2 b5 17. cxb5 Qb7 18. Bxc5 Rxc5 19. Bxa4 Nxd5 20. Nde4 Nxc3 21. Nxc5 Nxd1 22. Nxb7 Nxb2 23. Bb3 Ra7 24. Bd5 Bxb5 25. Rfc1 Bc4 26. Bxc4 Nxc4 27. Rxc4 Rxb7 28. Rc8+ Bf8 29. a4 g6 30. a5 Kg7 31. a6 Ra7 32. Rb8 d5 33. Rb7 Ra8 34. Ra5 Kf6 35. a7 Bd6 36. Ra6 Ke6 37. Rbb6 1-0

[Event "Rijeka Paris Memorial op"]
[Site "Rijeka"]
[Date "2011.10.21"]
[Round "4"]
[White "Tica, Sven"]
[Black "Jokic, Miljenko"]
[Result "1-0"]
[WhiteElo "1725"]
[BlackElo "1910"]
[PlyCount "53"]
[EventDate "2011.10.17"]
[EventType "swiss"]
[EventRounds "9"]
[EventCountry "CRO"]
[SourceTitle "EXT 2013"]
[Source "ChessBase"]
[SourceDate "2012.11.22"]
[SourceVersion "1"]
[SourceVersionDate "2012.11.22"]
[SourceQuality "1"]

1. Nf3 d5 2. c4 d4 3. d3 Qd6 4. e3 e5 5. exd4 exd4 6. Qe2+ Be7 7. Qe4 Nc6 8. a3 Nf6 9. Qf4 Qe6+ 10. Be2 Bd6 11. Qh4 0-0 12. Ng5 Qe7 13. Nd2 Bf5 14. Nge4 Rfe8 15. f3 Ne5 16. Nxf6+ gxf6 17. Ne4 Bxe4 18. fxe4 Ng6 19. Qg4 Qe5 20. g3 Kh8 21. 0-0 Rg8 22. Rf5 Qe6 23. Qh5 Ne5 24. Qh4 Be7 25. Rh5 Rg7 26. Bh6 Rgg8 27. Bf8 1-0

[Event "EU-ch 11th"]
[Site "Rijeka"]
[Date "2010.03.15"]
[Round "9"]
[White "Jokic, Miljenko"]
[Black "Mateta, Marin"]
[Result "1-0"]
[WhiteElo "1949"]
[BlackElo "1687"]
[PlyCount "69"]
[EventDate "2010.03.06"]
[EventType "swiss"]
[EventRounds "11"]
[EventCountry "CRO"]
[SourceTitle "CBM 136"]
[Source "ChessBase"]
[SourceDate "2010.05.18"]
[SourceVersion "1"]
[SourceVersionDate "2010.05.18"]
[SourceQuality "1"]

1. e4 g6 2. d4 Bg7 3. Nc3 d6 4. Bc4 Be6 5. d5 Bd7 6. Nf3 a6 7. a4 Bg4 8. h3 Bd7 9. Be3 c5 10. 0-0 Nf6 11. Bf4 Qc8 12. Re1 Nh5 13. Bh2 0-0 14. e5 Bxh3 15. gxh3 Qxh3 16. Re4 dxe5 17. Nxe5 Nf6 18. Re3 Qc8 19. f4 Nbd7 20. Nxd7 Nxd7 21. Rxe7 Bd4+ 22. Kh1 Nb6 23. Ba2 Qh3 24. Ne4 Bxb2 25. Rb1 Nxa4 26. Qd3 Qf5 27. d6 b5 28. Ng5 c4 29. Qxf5 gxf5 30. Rg1 Bg7 31. Ne6 Rfe8 32. Rxg7+ Kh8 33. Rgxf7 Rxe7 34. dxe7 Kg8 35. Rf8+ 1-0

[Event "EU-ch 11th"]
[Site "Rijeka"]
[Date "2010.03.07"]
[Round "2"]
[White "Jokic, Miljenko"]
[Black "Bentivegna, Francesco"]
[Result "0-1"]
[WhiteElo "1949"]
[BlackElo "2361"]
[PlyCount "72"]
[EventDate "2010.03.06"]
[EventType "swiss"]
[EventRounds "11"]
[EventCountry "CRO"]
[SourceTitle "CBM 136"]
[Source "ChessBase"]
[SourceDate "2010.05.18"]
[SourceVersion "1"]
[SourceVersionDate "2010.05.18"]
[SourceQuality "1"]

1. e4 e5 2. Nf3 Nc6 3. Bc4 Nf6 4. d3 Be7 5. 0-0 0-0 6. Bg5 d6 7. h3 Na5 8. Nbd2 c6 9. b4 Nxc4 10. Nxc4 Be6 11. Na5 Qc7 12. c4 Rad8 13. Nb3 h6 14. Be3 b6 15. Qc2 c5 16. b5 Nh5 17. Rfc1 f5 18. exf5 Bxf5 19. g4 Bh7 20. Ne1 Nf4 21. Bxf4 Rxf4 22. Nd2 Rdf8 23. f3 R4f7 24. Ne4 Bh4 25. Ng2 Qe7 26. Rf1 Rxf3 27. Rxf3 Rxf3 28. Rf1 Rxh3 29. Qe2 Bg6 30. Rf3 Rxf3 31. Qxf3 Bg5 32. Nf2 Kh7 33. Qa8 Bf4 34. Qd5 Qg5 35. Qxd6 Bg3 36. Ne1 Qd2 0-1

[Event "Mediterranean op 2nd"]
[Site "Rijeka"]
[Date "2008.11.30"]
[Round "3"]
[White "Pucovski, Miroslav"]
[Black "Jokic, Miljenko"]
[Result "1-0"]
[WhiteElo "2343"]
[BlackElo "1994"]
[PlyCount "89"]
[EventDate "2008.11.29"]
[EventType "swiss"]
[EventRounds "9"]
[EventCountry "CRO"]
[SourceTitle "CBM 127 Extra"]
[Source "ChessBase"]
[SourceDate "2009.01.08"]
[SourceVersion "2"]
[SourceVersionDate "2009.01.28"]
[SourceQuality "1"]

1. e4 e5 2. Nf3 Nc6 3. Bc4 Nf6 4. d4 exd4 5. e5 d5 6. Bb5 Ne4 7. Nxd4 Bd7 8. Bxc6 bxc6 9. 0-0 c5 10. Nb3 Bb5 11. Re1 Be7 12. f3 Ng5 13. Nc3 c6 14. f4 c4 15. Nd4 Ne4 16. Ndxb5 cxb5 17. Nxd5 Bc5+ 18. Be3 0-0 19. Bxc5 Nxc5 20. Qf3 Re8 21. Rad1 Qb8 22. Kh1 a5 23. Qg3 Kh8 24. Ne3 Ra6 25. Nf5 Rg6 26. Qf2 Na4 27. Nd6 Rf8 28. f5 Rh6 29. Qd4 Kg8 30. b3 cxb3 31. cxb3 Nb6 32. h3 Nc8 33. Nxc8 Qxc8 34. Rf1 Qc6 35. Rf3 Qc2 36. Rf2 Qc6 37. Rd3 Qc1+ 38. Kh2 Qe1 39. Rg3 Qb4 40. Qe3 Qh4 41. Rf4 Qh5 42. Rfg4 Rc6 43. Rxg7+ Kh8 44. e6 Qxf5 45. e7 1-0

[Event "Crikvenica"]
[Site "Crikvenica"]
[Date "2007.10.18"]
[Round "7"]
[White "Jokic, Miljenko"]
[Black "Andonov, Bogomil"]
[Result "0-1"]
[WhiteElo "1995"]
[BlackElo "2363"]
[PlyCount "80"]
[EventDate "2007.10.15"]
[EventType "tourn"]
[EventRounds "9"]
[EventCountry "CRO"]
[EventCategory "1"]
[SourceTitle "EXT 2008"]
[Source "ChessBase"]
[SourceDate "2007.11.25"]
[SourceVersion "1"]
[SourceVersionDate "2007.11.25"]
[SourceQuality "1"]

1. d4 Nf6 2. Nf3 c5 3. d5 g6 4. c4 b5 5. cxb5 a6 6. b6 d6 7. e4 Nbd7 8. Nc3 Bg7 9. Bd3 Qxb6 10. h3 0-0 11. 0-0 Rb8 12. Rb1 Ne8 13. Be3 Qa5 14. Qe2 Nc7 15. Bd2 Qb6 16. Na4 Qa7 17. Bc3 f6 18. Ba5 Nb5 19. Rfc1 Ne5 20. Nxe5 fxe5 21. Qe3 Bd7 22. b4 Nd4 23. Nb2 cxb4 24. Rc7 Rb7 25. Rbc1 Rfb8 26. Qd2 b3 27. a3 Nb5 28. Bxb5 Bxb5 29. a4 Bd7 30. Rxb7 Rxb7 31. Bd8 Bf6 32. a5 Qd4 33. Qxd4 exd4 34. Bb6 Rb8 35. Rd1 Rc8 36. Rd3 Rc3 37. Rd1 Rc2 38. Rb1 Bb5 39. Nd1 d3 40. Ne3 b2 0-1

[Event "Crikvenica"]
[Site "Crikvenica"]
[Date "2007.10.16"]
[Round "3"]
[White "Jokic, Miljenko"]
[Black "Mrdja, Milan"]
[Result "0-1"]
[WhiteElo "1995"]
[BlackElo "2408"]
[PlyCount "106"]
[EventDate "2007.10.15"]
[EventType "tourn"]
[EventRounds "9"]
[EventCountry "CRO"]
[EventCategory "1"]
[SourceTitle "EXT 2008"]
[Source "ChessBase"]
[SourceDate "2007.11.25"]
[SourceVersion "1"]
[SourceVersionDate "2007.11.25"]
[SourceQuality "1"]

1. d4 g6 2. e4 Bg7 3. Nf3 d6 4. Nc3 a6 5. Be2 Nd7 6. Be3 b5 7. Qd2 Bb7 8. Rd1 Ngf6 9. e5 Ng4 10. e6 fxe6 11. Ng5 Nxe3 12. fxe3 Nf8 13. 0-0 Bf6 14. Nce4 h6 15. Nxf6+ exf6 16. Nh3 Qe7 17. Bd3 f5 18. Qe2 d5 19. c3 Nd7 20. Bc2 0-0 21. Nf4 Kg7 22. g4 Rae8 23. Qg2 g5 24. gxf5 exf5 25. Rf3 Nb6 26. b3 Bc8 27. Rg3 c6 28. Rf1 Bd7 29. Nh3 Kh8 30. Kh1 Rf7 31. Ng1 Nc8 32. Nf3 Nd6 33. Ne5 Rf6 34. h4 g4 35. h5 Rg8 36. Ng6+ Rgxg6 37. hxg6 Kg7 38. Bd3 Rxg6 39. Rf4 h5 40. Qg1 Qg5 41. Qf2 Rf6 42. Rg1 h4 43. Qh2 Kf7 44. Rgf1 Ke7 45. Qg2 Kd8 46. R1f2 Rf7 47. Rc2 Re7 48. Re2 Rxe3 49. Rxe3 Qxf4 50. Qe2 Ne4 51. Bxe4 fxe4 52. Qe1 g3 53. Qg1 Bg4 0-1

[Event "Kostrena op"]
[Site "Kostrena"]
[Date "2004.09.02"]
[Round "8"]
[White "Jokic, Miljenko"]
[Black "Hirneise, Tobias"]
[Result "1-0"]
[WhiteElo "2051"]
[BlackElo "1977"]
[PlyCount "67"]
[EventDate "2004.08.26"]
[EventType "swiss"]
[EventRounds "9"]
[EventCountry "CRO"]
[SourceTitle "CBM 102 Extra"]
[Source "ChessBase"]
[SourceDate "2004.11.03"]
[SourceVersion "1"]
[SourceVersionDate "2004.11.03"]
[SourceQuality "1"]

1. b4 e5 2. Bb2 Bxb4 3. Bxe5 Nf6 4. e3 Nc6 5. Bb2 d5 6. a3 Bd6 7. d4 Bg4 8. Be2 h5 9. Nd2 Ne7 10. Ngf3 Ne4 11. Nxe4 dxe4 12. Nd2 Bf5 13. c4 c6 14. Bxh5 Qa5 15. Be2 Bg6 16. h4 Nf5 17. c5 Bb8 18. Qb3 0-0 19. 0-0-0 Qc7 20. h5 Bh7 21. g4 Ne7 22. g5 Nd5 23. g6 fxg6 24. Nxe4 Qe7 25. Nc3 Rxf2 26. Nxd5 cxd5 27. Qxd5+ Kf8 28. hxg6 Qxe3+ 29. Rd2 Bh2 30. Rxh2 Bxg6 31. Rh8+ Ke7 32. Qd6+ Kf7 33. Bc4+ Qe6 34. Qxe6# 1-0

[Event "Kostrena op"]
[Site "Kostrena"]
[Date "2004.08.29"]
[Round "4"]
[White "Jokic, Miljenko"]
[Black "Papp, Abel"]
[Result "0-1"]
[WhiteElo "2051"]
[BlackElo "2049"]
[PlyCount "61"]
[EventDate "2004.08.26"]
[EventType "swiss"]
[EventRounds "9"]
[EventCountry "CRO"]
[SourceTitle "CBM 102 Extra"]
[Source "ChessBase"]
[SourceDate "2004.11.03"]
[SourceVersion "1"]
[SourceVersionDate "2004.11.03"]
[SourceQuality "1"]

1. e4 e5 2. Nf3 Nc6 3. Bb5 a6 4. Ba4 Nf6 5. 0-0 Be7 6. d4 exd4 7. e5 Nd5 8. Re1 Nb6 9. Bb3 d5 10. exd6 Qxd6 11. Ng5 0-0 12. Nd2 Bf5 13. Nde4 Qg6 14. g4 Bxe4 15. Nxe4 Kh8 16. f4 f5 17. Ng5 Bxg5 18. fxg5 f4 19. h4 Rae8 20. Bd2 f3 21. Rxe8 Qxe8 22. Kf2 Qe5 23. Qf1 Qh2+ 24. Ke1 f2+ 25. Ke2 Qg3 26. Qh1 Qxg4+ 27. Kf1 Ne5 28. Bb4 Rf3 29. c3 Nbc4 30. Bd1 Ne3+ 31. Ke2 0-1

[Event "Rijeka Paris Memorial op"]
[Site "Rijeka"]
[Date "2004.01.25"]
[Round "4.7"]
[White "Lovric, Branko"]
[Black "Jokic, Miljenko"]
[Result "1-0"]
[WhiteElo "2283"]
[BlackElo "2062"]
[PlyCount "65"]
[EventDate "2004.01.17"]
[EventType "swiss"]
[EventRounds "9"]
[EventCountry "CRO"]
[SourceTitle "CBM 098 Extra"]
[Source "ChessBase"]
[SourceDate "2004.03.10"]
[SourceVersion "2"]
[SourceVersionDate "2004.03.10"]
[SourceQuality "1"]

1. b3 d5 2. Bb2 Nc6 3. e3 e5 4. Bb5 Bd6 5. f4 d4 6. fxe5 Bxe5 7. Nf3 Bg4 8. Bxc6+ bxc6 9. 0-0 Nh6 10. Qe1 Bxf3 11. exd4 0-0 12. dxe5 Bg4 13. d3 Qg5 14. Nd2 Bh3 15. Qf2 Ng4 16. Qf4 Qg6 17. Rf3 Ne3 18. Qg3 Nxc2 19. Rc1 Bg4 20. Rf4 Be2 21. Qxg6 hxg6 22. Rxc2 Bxd3 23. Rxc6 Rfc8 24. Ne4 Bb1 25. Nc3 Bf5 26. Nd5 Rd8 27. Ne7+ Kf8 28. Nxf5 gxf5 29. Rxf5 Rd1+ 30. Rf1 Rd2 31. Bc3 Rxa2 32. Rxc7 a5 33. Rfxf7+ 1-0